[Event "AUS-ch Major"]
[Site "Sydney"]
[Date "2020.01.12"]
[Round "10"]
[White "Teves, Johnny Miranda"]
[Black "Brady, Aiden"]
[Result "0-1"]
[WhiteElo "1853"]
[BlackElo "1684"]
[PlyCount "70"]
[EventDate "2020.01.02"]
[EventType "swiss"]
[EventRounds "11"]
[EventCountry "AUS"]
[SourceTitle "CBM 195 Extra"]
[Source "ChessBase"]
[SourceDate "2020.05.31"]
[SourceVersion "1"]
[SourceVersionDate "2020.05.31"]
[SourceQuality "1"]

1. e4 e5 2. Nf3 Nc6 3. d4 exd4 4. Bc4 Bc5 5. Bg5 f6 6. Bf4 d6 7. h3 Qe7 8. 0-0 Ne5 9. Bb3 Nxf3+ 10. Qxf3 Be6 11. e5 fxe5 12. Qxb7 Rd8 13. Nd2 Nf6 14. Bxe5 dxe5 15. Bxe6 Qxe6 16. Qb5+ Nd7 17. Ne4 Be7 18. f4 0-0 19. fxe5 Nxe5 20. Rfe1 Qf5 21. Kh1 Bh4 22. Re2 d3 23. cxd3 Rxd3 24. Nc3 Bg3 25. Rg1 c6 26. Qa4 Bf2 27. Rxf2 Qxf2 28. Ne4 Qd4 29. Qxd4 Rxd4 30. Ng5 Rd2 31. Re1 Nd3 32. Re7 Nf4 33. Rxa7 Nxg2 34. Kh2 h6 35. Ne6 Nf4+ 0-1